Social psychology (Record no. 240592)
[ view plain ]
| 000 -LEADER | |
|---|---|
| fixed length control field | 01046nam a22002897a 4500 |
| 003 - CONTROL NUMBER IDENTIFIER | |
| control field | St Aloysius Coll |
| 005 - DATE AND TIME OF LATEST TRANSACTION | |
| control field | 20251028190716.0 |
| 008 - FIXED-LENGTH DATA ELEMENTS--GENERAL INFORMATION | |
| fixed length control field | 251028b |||||||| |||| 00| 0 eng d |
| 020 ## - INTERNATIONAL STANDARD BOOK NUMBER | |
| International Standard Book Number | 9789357055802 |
| 040 ## - CATALOGING SOURCE | |
| Transcribing agency | AL |
| 041 ## - LANGUAGE CODE | |
| Language code of text/sound track or separate title | English |
| 082 ## - DEWEY DECIMAL CLASSIFICATION NUMBER | |
| Classification number | 302 |
| Item number | AROS |
| 100 ## - MAIN ENTRY--PERSONAL NAME | |
| Personal name | Elliot Aronson |
| 9 (RLIN) | 243049 |
| 245 ## - TITLE STATEMENT | |
| Title | Social psychology |
| 250 ## - EDITION STATEMENT | |
| Edition statement | 11 |
| 260 ## - PUBLICATION, DISTRIBUTION, ETC. | |
| Place of publication, distribution, etc. | Noida |
| Name of publisher, distributor, etc. | Pearson |
| Date of publication, distribution, etc. | 2024 |
| 300 ## - PHYSICAL DESCRIPTION | |
| Extent | xxv, 528p. |
| Other physical details | PB |
| Dimensions | 25.3x20cm. |
| 365 ## - TRADE PRICE | |
| Source of price type code | General |
| Price type code | 4226 |
| Price amount | ₹680.00 |
| Currency code | ₹ |
| Unit of pricing | ₹850.00 |
| Price note | 20% |
| Price effective from | 23/10/2025 |
| 500 ## - GENERAL NOTE | |
| General note | Introducing social psychology; Methodology; Social cognition; Social perception; The self; Cognitive dissonance and the change; Attitudes and attitude change; Conformity and Obedience; Group processes; Attractions and relationships |
| 650 ## - SUBJECT ADDED ENTRY--TOPICAL TERM | |
| Source of heading or term | Sociology |
| Topical term or geographic name entry element | Social Psychology |
| 9 (RLIN) | 243050 |
| 700 ## - ADDED ENTRY--PERSONAL NAME | |
| Personal name | Wilson, Timothy D |
| 9 (RLIN) | 243051 |
| 700 ## - ADDED ENTRY--PERSONAL NAME | |
| Personal name | Sommers, Samuel R |
| 9 (RLIN) | 243052 |
| 700 ## - ADDED ENTRY--PERSONAL NAME | |
| Personal name | Page-Gould, Elizabeth |
| 9 (RLIN) | 243053 |
| 700 ## - ADDED ENTRY--PERSONAL NAME | |
| Personal name | Jr, Neil Lewis |
| 9 (RLIN) | 243054 |
| 700 ## - ADDED ENTRY--PERSONAL NAME | |
| Personal name | Tucker, Veena |
| 9 (RLIN) | 243055 |
| 942 ## - ADDED ENTRY ELEMENTS (KOHA) | |
| Source of classification or shelving scheme | Dewey Decimal Classification |
| Koha item type | Book |
| Withdrawn status | Lost status | Source of classification or shelving scheme | Damaged status | Not for loan | Collection code | Home library | Current library | Date acquired | Source of acquisition | Cost, normal purchase price | Total Checkouts | Full call number | Barcode | Date last seen | Cost, replacement price | Price effective from | Koha item type |
|---|---|---|---|---|---|---|---|---|---|---|---|---|---|---|---|---|---|
| Dewey Decimal Classification | MSW | St Aloysius PG Library | St Aloysius PG Library | 10/28/2025 | Biblios Book Point | 680.00 | 302 AROS | PG025109 | 10/28/2025 | 850.00 | Book |